| 000 | 00568nam a2200229 a 4500 | ||
|---|---|---|---|
| 001 | nice12345678 | ||
| 003 | IN_TiNIC | ||
| 005 | 20260116011832.0 | ||
| 008 | 050524s1937 laha grp 000 0 urd | ||
| 020 |
_a _c100 |
||
| 082 | 0 | 0 |
_a232.1 _bBAK |
| 100 | _aBakhsh, J Ali | ||
| 245 | _aPeshengoiyan Masih Je Bare Nein | ||
| 260 |
_aLahore _bPunjab Religious Booksociety _c1937 |
||
| 300 | _a192p | ||
| 500 | _aincludes index and biblioraphy | ||
| 650 | _aJesus Christ-Divinity | ||
| 700 | 1 | _aBakhsh, J Ali | |
| 902 | _bSRS | ||
| 942 | _cBK | ||
| 999 |
_c4327 _d4327 |
||